00443nam a2200145Ia 4500008004100000082001000041082000800051245007000059245002100129260002100150300000900171942000800180999001900188952009000207231017s9999 xx 000 0 und d a327.7 bPET 0aImplementing a standard evaluation approach and standard measures 4cThe volpe center bThe volpe center c30cm cREP c605291d605291 00104070aNITbNITd2023-10-17l0o327.7 PETpNIT-1563r2023-10-17w2023-10-17yREP